Bruno ou Du principe divin et naturel des choses / (Record no. 164891)

MARC details
000 -LEADER
campo de control de longitud fija 00917nam a22002535i 4500
001 - NÚMERO DE CONTROL
campo de control 164891
003 - IDENTIFICADOR DE NÚMERO DE CONTROL
campo de control ES-MaACL
005 - FECHA Y HORA DE LA ÚLTIMA TRANSACCIÓN
campo de control 20230906213028.0
008 - DATOS DE LONGITUD FIJA--INFORMACIÓN GENERAL
campo de control de longitud fija 050811s1845 fr | |||||||| ||fre d
040 ## - FUENTE DE CATALOGACIÓN
Centro catalogador/agencia de origen CAM
Lengua de catalogación spa
Centro/agencia transcriptor CAM
100 1# - ENTRADA PRINCIPAL--NOMBRE DE PERSONA
Nombre de persona Schelling, Friedrich Wilhelm Joseph.
9 (RLIN) 104293
245 10 - MENCIÓN DEL TÍTULO
Título Bruno ou Du principe divin et naturel des choses /
Mención de responsabilidad, etc. par F.-W.-J. de Schelling ; traduit de l'allemand par C. Husson.
260 ## - PUBLICACIÓN, DISTRIBUCIÓN, ETC.
Lugar de publicación, distribución, etc. Paris :
Nombre del editor, distribuidor, etc. Librairie Germer Baillière,
Fecha de publicación, distribución, etc. [s.a.] (
Fabricante Imprimerie de E. Martinet)
300 ## - DESCRIPCIÓN FÍSICA
Extensión 259 p. ;
Dimensiones 22 cm.
596 ## - NOTA AL PIE DE IMPRENTA
NOTA AL PIE DE IMPRENTA La BN Opale-plus lo fecha ca. 1845.
700 1# - ENTRADA AGREGADA--NOMBRE PERSONAL
Nombre de persona Husson, C.,
Término indicativo de función/relación
9 (RLIN) 128102
700 1# - ENTRADA AGREGADA--NOMBRE PERSONAL
Nombre de persona Martinet, E.,
Término indicativo de función/relación
9 (RLIN) 129570
710 1# - ENTRADA AGREGADA--NOMBRE DE ENTIDAD CORPORATIVA
Nombre de entidad corporativa o nombre de jurisdicción como elemento de entrada Baillière, Germer,
Término indicativo de función/relación
9 (RLIN) 188173
740 0# - ENTRADA AGREGADA--TÍTULO RELACIONADO/ANALÍTICO NO CONTROLADO
Título relacionado o analítico no controlado Du principe divin et naturel.
752 ## - ENTRADA AGREGADA--NOMBRE JERÁRQUICO DEL LUGAR
País o entidad superior Francia -
Ciudad París
852 ## - LOCALIZACIÓN
Ubicación ES-MaACL
Número de control de estantería F-6565
Nota libre -- Enc. pasta española
Holdings
Estatus retirado Estado de pérdida Estado de daño No para préstamo Biblioteca de origen Biblioteca actual Ubicación en estantería Fecha de adquisición Fuente de adquisición Total de préstamos Signatura topográfica completa Código de barras Visto por última vez Precio de reemplazo Tipo de ítem Koha
        Biblioteca del Ateneo de Madrid Biblioteca del Ateneo de Madrid Depósito 2 17/01/2008     F-6565 1172854 23/02/2023 23/02/2023 Libro impreso